Phase conjugation of laser emission /

Bibliographic Details
Other Authors: Basov, N. G. (Nikolaĭ Gennadievich), 1922-2001
Format: Book
Language:English
Published: Commack, N.Y. : Nova Science Publishers, [1988]
Series:Trudy Fizicheskogo instituta. v. 172.
Subjects:

MARC

Tag First Indicator Second Indicator Subfields
LEADER 00000cam a22000008a 4500
001 in00000018673
005 20151007054028.0
008 870928s1988 nyua b 00100 eng
010 |a  87028147  
020 |a 0941743071 :  |c $76.00 
035 |a (OCoLC)16830381 
035 |9 AAB3744AM 
040 |a DLC  |c DLC  |d TXA  |d UtOrBLW 
041 1 |a eng  |h rus 
049 |a TXAM  |c [A11053144] 
050 0 0 |a QC1  |b .A4114 vol. 172  |a QC688 
082 0 |a 530 s  |a 537.5  |2 19 
245 0 0 |a Phase conjugation of laser emission /  |c edited by N.G. Basov ; translated by Kevin S. Hendzel. 
263 |a 8711 
264 1 |a Commack, N.Y. :  |b Nova Science Publishers,  |c [1988] 
264 4 |c ©1988 
300 |a vii, 240 pages :  |b illustrations 
336 |a text  |b txt  |2 rdacontent 
337 |a unmediated  |b n  |2 rdamedia 
338 |a volume  |b nc  |2 rdacarrier 
490 1 |a Proceedings of the Lebedev Physics Institute of the Academy of Sciences of the USSR ;  |v v. 172 
500 |a Translation of: Obrashchenie volnovogo fronta lazernogo izluchenii︠a︡. 
504 |a Includes bibliographies and index. 
650 0 |a Quantum electronics. 
650 0 |a Optical phase conjugation. 
650 0 |a Carbon dioxide lasers. 
700 1 |a Basov, N. G.  |q (Nikolaĭ Gennadievich),  |d 1922-2001. 
830 0 |a Trudy Fizicheskogo instituta.  |l English ;  |v v. 172. 
999 |a MARS 
999 f f |s 36d51889-5eb8-34a5-8bf7-14ab90b5d5b5  |i 3fe73a91-1c4c-3170-ade0-db5ca1a52a45  |t 0 
952 f f |p ric  |a Texas A&M University  |b Rellis Campus  |c Joint Library Facility  |d Remote Storage  |t 0  |e QC1 .A4114 v.172  |h Library of Congress classification  |i unmediated -- volume  |m A14811053144 
998 f f |a QC1 .A4114 v.172  |t 0  |l Remote Storage